000 00855nam a2200253Ia 4500
003 OSt
005 20220927110113.0
006 a|||||r|||| 00| 0
007 ta
008 220926b |||||||| |||| 00| 0 eng d
024 _a84269
037 _cReference Collections
040 _aRTL
_cRTL
_beng
041 _2eng
_aeng
082 _a"X9(D2):76.1.N7, M1/UN"
110 _a"UN, ECONOMIC AND SOCIAL COMMISSION FOR ASIA AND THE PACIFIC"
245 0 _aProceedings of the expert group meeting on water p
260 _aNew
_bYork United Nations U S A
_c1981
490 _a"United Nations, Water Resources Series. 55"
650 _aEngineering
700 _a"UN, ECONOMIC AND SOCIAL COMMISSION FOR ASIA AND THE PACIFIC"
942 _h"X9(D2):76.1.N7, M1/UN"
_cCC
999 _c695399
_d695399